000 00411pam a2200157a 44500
008 230515b1985 xxu||||| |||| 00| 0 eng d
020 _aNULL
041 _aENGLISH
082 _a630
100 _aSP 24-1983 IS 456-1978
245 _aEXPLANATORY HANDBOOK ON INDIAN STANDARD CODE OF PRACTICE FOR PLAN AND REINFORCED CONCRETE
250 _a0
260 _aDELHI
_bISI
_c1985
300 _a12
650 _aNULL
999 _c652220
_d652220